| 000 -LEADER |
| fixed length control field |
01179cam a2200301 i 4500 |
| 001 - CONTROL NUMBER |
| control field |
18423056 |
| 005 - DATE AND TIME OF LATEST TRANSACTION |
| control field |
20190912091458.0 |
| 008 - FIXED-LENGTH DATA ELEMENTS--GENERAL INFORMATION |
| fixed length control field |
141231t20132013ii f000 0 eng |
| 010 ## - LIBRARY OF CONGRESS CONTROL NUMBER |
| LC control number |
2014360209 |
| 020 ## - INTERNATIONAL STANDARD BOOK NUMBER |
| International Standard Book Number |
818664167X |
| 025 ## - OVERSEAS ACQUISITION NUMBER |
| Overseas acquisition number |
I-E-2014-360209; 71-90 |
| 037 ## - SOURCE OF ACQUISITION |
| Source of stock number/acquisition |
Library of Congress -- New Delhi Overseas Office |
| 040 ## - CATALOGING SOURCE |
| Original cataloging agency |
DLC |
| Language of cataloging |
eng |
| Transcribing agency |
DLC |
| Description conventions |
rda |
| Modifying agency |
DLC |
| 042 ## - AUTHENTICATION CODE |
| Authentication code |
lcode |
| -- |
pcc |
| 043 ## - GEOGRAPHIC AREA CODE |
| Geographic area code |
a-ii--- |
| 050 00 - LIBRARY OF CONGRESS CALL NUMBER |
| Classification number |
KNS2119 |
| Item number |
.S546 2013 |
| 082 ## - DEWEY DECIMAL CLASSIFICATION NUMBER |
| Classification number |
I549 Sh72 |
| 100 1# - MAIN ENTRY--PERSONAL NAME |
| Personal name |
Shobha, S. V., |
| Relator term |
author. |
| 9 (RLIN) |
9999 |
| 245 10 - TITLE STATEMENT |
| Title |
Right to information : |
| Remainder of title |
for inclusion & empowerment : RTI fellows' reports / |
| Statement of responsibility, etc |
Shobha S V [and three others] ; edited by Sunil Dutt, Anuradha S. Chagti & Sarita Nair. |
| 300 ## - PHYSICAL DESCRIPTION |
| Extent |
248 pages ; |
| Dimensions |
24 cm |
| 610 10 - SUBJECT ADDED ENTRY--CORPORATE NAME |
| Corporate name or jurisdiction name as entry element |
India. |
| Subordinate unit |
Central Information Commission. |
| 9 (RLIN) |
10000 |
| 650 #0 - SUBJECT ADDED ENTRY--TOPICAL TERM |
| Topical term or geographic name as entry element |
Freedom of information |
| Geographic subdivision |
India. |
| 9 (RLIN) |
10001 |
| 700 1# - ADDED ENTRY--PERSONAL NAME |
| Personal name |
Dutt, Sunil, |
| Dates associated with a name |
1954- |
| Relator term |
editor. |
| 9 (RLIN) |
10002 |
| 700 1# - ADDED ENTRY--PERSONAL NAME |
| Personal name |
Chagti, Anuradha S., |
| Relator term |
editor. |
| 9 (RLIN) |
10003 |
| 710 1# - ADDED ENTRY--CORPORATE NAME |
| Corporate name or jurisdiction name as entry element |
India. |
| Subordinate unit |
Department of Personnel and Training. |
| 9 (RLIN) |
10004 |
| 906 ## - LOCAL DATA ELEMENT F, LDF (RLIN) |
| a |
7 |
| b |
cbc |
| c |
origode |
| d |
3 |
| e |
ncip |
| f |
20 |
| g |
y-gencatlg |
| 955 ## - COPY-LEVEL INFORMATION (RLIN) |
| Copy information and material description, CCAL + MDES (RLIN) |
wd33 2015-03-19 to ASME |
| Classification number, CCAL (RLIN) |
cg00 2015-10-15 to ASME/SEASA |
| -- |
cg05 2016-01-15 to LAW |